Central Library OPAC University of Rajshahi

Thoughts on the Constitution / (Record no. 4947)

MARC details
000 -LEADER
fixed length control field 00999nam a2200289 a 4500
001 - CONTROL NUMBER
control field 4947
003 - CONTROL NUMBER IDENTIFIER
rucl marc code BD-RjUL
005 - DATE AND TIME OF LATEST TRANSACTION
control field 20211208234000.0
008 - FIXED-LENGTH DATA ELEMENTS--GENERAL INFORMATION
fixed length control field 880808s1953 enk 000 0 eng u
035 ## - SYSTEM CONTROL NUMBER
System control number (BD-RjUL)4983
040 ## - CATALOGING SOURCE
Original cataloging agency BD-RjUL
Language of cataloging eng
Transcribing agency BD-RjUL
041 ## - LANGUAGE CODE
Language code of text/sound track or separate title eng
082 ## - DEWEY DECIMAL CLASSIFICATION NUMBER
Classification number 342.4202
Author mark and year AMT 1953-1964
100 1# - MAIN ENTRY--PERSONAL NAME
Personal name Amery, L. S.
Fuller form of name (Leopold Stennett),
Dates associated with a name 1873-1955.
9 (RLIN) 7493
245 10 - TITLE STATEMENT
Title Thoughts on the Constitution /
Statement of responsibility, etc. by L. S. Amery ; with a new Introduction by Geoffrey Marshall
250 ## - EDITION STATEMENT
Edition statement 2nd ed. , Oxford Paperbacks ed.
260 ## - PUBLICATION, DISTRIBUTION, ETC. (IMPRINT)
Place of publication, distribution, etc. London :
Name of publisher, distributor, etc. Oxford University Press,
Date of publication, distribution, etc. 1953 [Print 1964)
300 ## - PHYSICAL DESCRIPTION
Pagination xiv, 195 p. ;
Size 20 cm
490 ## - SERIES STATEMENT
Series statement Oxford Paperbacks ;
Volume/sequential designation No. 87
500 ## - GENERAL NOTE
General note Includes index
504 ## - BIBLIOGRAPHY, ETC. NOTE
Bibliography, etc Bibliography: p. [188]
650 #0 - SUBJECT ADDED ENTRY--TOPICAL TERM
Topical term or geographic name as entry element Constitutional law
Geographic subdivision Great Britain.
9 (RLIN) 11694
651 ## - SUBJECT ADDED ENTRY--GEOGRAPHIC NAME
Geographic name Great Britain
General subdivision Constitutional law.
9 (RLIN) 232762
700 ## - ADDED ENTRY--PERSONAL NAME
Personal name Marshall, Geoffrey, Introducer
830 ## - SERIES ADDED ENTRY--UNIFORM TITLE
Uniform title Oxford Paperbacks ;
Volume number/sequential designation No. 87
942 ## - ADDED ENTRY ELEMENTS (KOHA)
Source of classification or shelving scheme Dewey Decimal Classification
Koha item type Books
Holdings
Lost status Source of classification or shelving scheme Damaged status Not for loan Collection code Permanent Location Current Location Date acquired Source of acquisition Cost, normal purchase price Total Checkouts Full call number Date last seen Copy number Koha item type Shelving location
  Dewey Decimal Classification   Not For Loan Non-fiction Central Library, University of Rajshahi Central Library, University of Rajshahi 08/08/1955 O.U.P. 5.40   342.4202 AMT 1953 23/12/2013 C-1 Books  
  Dewey Decimal Classification     Non-fiction Central Library, University of Rajshahi Central Library, University of Rajshahi 26/03/1956 O.U.P 8.86   342.4202 AMT 1953 27/07/2016 C-2 Books  
  Dewey Decimal Classification     Non-fiction Central Library, University of Rajshahi Central Library, University of Rajshahi 26/03/1956 O.U.P 8.86   342.4202 AMT 1964 27/07/2016 C-3 Books  
  Dewey Decimal Classification     Non-fiction Central Library, University of Rajshahi Central Library, University of Rajshahi 17/05/1967 University book agency 5.62   342.4202 AMT 1964 28/07/2016 C-4 Books  
  Dewey Decimal Classification     Non-fiction Central Library, University of Rajshahi Central Library, University of Rajshahi 17/05/1967 University book agency 7.60   342.4202 AMT 1964 28/07/2016 C-5 Books  
  Dewey Decimal Classification     Non-fiction Central Library, University of Rajshahi Central Library, University of Rajshahi 04/12/1965 zeitlinger 7.60   342.4202 AMT 1964 02/09/2019 C-6 Books  
  Dewey Decimal Classification     Non-fiction Central Library, University of Rajshahi Central Library, University of Rajshahi 23/05/1968 Swets & zeitlinger 7.60   342.4202 AMT 1964 02/09/2019 C-7 Books